Unions, management and the public

Guardat en:
Dades bibliogràfiques
Autor principal: Bakke, E. Wight
Format: Llibre
Idioma:Undetermined
Publicat: New York Harcourt, Brace and Company 1948
Matèries:
Etiquetes: Afegir etiqueta
Sense etiquetes, Sigues el primer a etiquetar aquest registre!
Thư viện lưu trữ: Trung tâm Học liệu Trường Đại học Cần Thơ
LEADER 00480nam a2200169Ia 4500
001 CTU_79227
008 210402s9999 xx 000 0 und d
082 |a 331.8 
082 |b B168 
100 |a Bakke, E. Wight 
245 0 |a Unions, management and the public 
245 0 |c E. Wight Bakke 
260 |a New York 
260 |b Harcourt, Brace and Company 
260 |c 1948 
650 |a Industrial relations,Labor unions 
980 |a Trung tâm Học liệu Trường Đại học Cần Thơ